[Event "28th WSCC Open 65 2018"]
[Site "Bled"]
[Date "2018.11.26"]
[Round "8"]
[White "Srebrnic, Vojko"]
[Black "Buchal, Stephan"]
[Result "0-1"]
[WhiteElo "2140"]
[BlackElo "2288"]
[Annotator "Stephan Buchal"]
[PlyCount "70"]
[EventDate "2018.??.??"]
[EventCountry "SLO"]
[Tiebreak "Cut2 Buchholz+Sum of Buchholz"]
[SourceTitle "playchess.com"]
[Source "ChessBase"]
[SourceQuality "1"]
[TimeControl "40/5400+30:1800+30"]

1. b3 {schon wieder! Wie in Runde 6.} e5 (1... a5 {Jobava-Sulskis hatte ich am
Vorabend in der NIC gelesen und ein bisschen studiert. Aber dann blieb ich
doch in gewohnten Bahnen.}) 2. Bb2 d6 3. e4 {glücklicherweise nicht schon
wieder 3.e3. Dann hätte ich mir was Neues ausdenken müssen ....} Nf6 4. Nc3
c5 {Spontane Entscheidung. Es gefiel mir, den Lb2 vorübergehend kaltzustellen.
Ich meinte, dies schon mal im b3-Anti-Sicilian gesehen zu haben ...
tatsächlich gibt es in meiner Megabase 68 Partien mit dieser Stellung, davon
67 "Sizilianer".} 5. Bb5+ Nbd7 {89-79} 6. a4 g6 7. Nf3 Bg7 8. d3 O-O 9. Bc4 Nb6
10. Nd2 $6 {etwas merkwürdige Entscheidung.} (10. a5 Nxc4 11. dxc4 Nh5 12. h3
Nf4 13. O-O f5 {Das schwarze Gegenspiel sollte den rückständigen Bauern auf
d6 kompensieren.}) 10... Bg4 {51 - 48. Ziemlich viel Zeit für die ersten 10
Züge - offensichtlich fühlten wir uns beide in der Stellung nicht wirklich
"zu Hause".  Ich möchte die "Schwächung" f3 provozieren. Stockfish findet
gleich ...Sh5-f4 stärker. ..d6-d5 war auch eine Überlegung wert.} (10... d5
11. exd5 Nfxd5 12. Nxd5 Nxd5 13. O-O b6 $11) 11. f3 Nxc4 $6 12. Nxc4 $6 ({
Stockfish sieht Weiß nach} 12. dxc4 $1 {in Vorteil. Aber ich denke, Schwarz
hat gutes Gegenspiel. Nach der langen Rochade mit ... a6 und ggfl. ..b5, gegen
die kurze Rochade mit ..f5. Auch das Manöver ..Sf6-d7-b8-c6-d4 kommt infrage.
Das Problem ist "nur" das richtige Timing. Die Stellung ist für beide Seiten
nicht leicht zu spielen .,..} Be6 13. Qe2 a6 14. g4 Nd7 15. h4 Nb8 16. Nd5 Nc6)
12... Be6 13. Ne2 Qc7 14. O-O Nh5 15. g4 Nf6 {29 - 38} 16. Ng3 Nd7 17. Qe2 Rae8
18. Ne3 Nb8 19. c4 $2 {Das ist bestimmt falsch. Noch dazu, nachdem ich mehrere
Möglichkeiten ..d5 zu spielen verschmäht habe.} Nc6 $15 20. Bc3 Nd4 21. Bxd4
cxd4 22. Ng2 (22. Nd5 Bxd5 23. exd5 (23. cxd5 Bh6 $17 {mit großem Vorteil am
Damenflügel}) 23... Bh6 $15) 22... Bh6 $6 (22... Qe7 $142 23. f4 exf4 24. Nxf4
Bd7) 23. Kh1 (23. f4 $142 exf4 24. Nxf4 Bg7 $15) 23... Qe7 24. f4 exf4 25. Nxf4
Qh4 {9 - 14} 26. Nxe6 fxe6 27. Rxf8+ $2 {Ich hatte erwartet, dass Weiß
Entlastung durch Turmtausch sucht. Allerdings war es hier - und auch später -
dringend erforderlich mit e4-e5 die Stellung zu öffnen und dadurch gegenspiel
zu bekommen.} Rxf8 28. Rf1 Rxf1+ 29. Nxf1 Qh3 $17 30. Kg1 $6 ({immer noch} 30.
e5 dxe5 31. b4 Bf4 32. Kg1 $15) 30... Bf4 {5 - 6} 31. Kh1 a5 32. Kg1 e5 $19 {
Jetzt habe ich alle notwendigen und sinnvollen Züge gespielt, um jeden
weißen Widerstand zu unterbinden.} 33. Qd1 Kg7 34. Qe2 Kh6 35. Nd2 Qe3+ 0-1

[Event "28th WSCC Open 65 2018"]
[Site "Bled"]
[Date "2018.11.27"]
[Round "9"]
[White "Buchal, Stephan"]
[Black "Yakimenko, Alexander A."]
[Result "1-0"]
[WhiteElo "2288"]
[BlackElo "2125"]
[Annotator "Stephan Buchal"]
[PlyCount "87"]
[EventDate "2018.??.??"]
[EventCountry "SLO"]
[Tiebreak "Cut2 Buchholz+Sum of Buchholz"]
[SourceTitle "playchess.com"]
[Source "ChessBase"]
[SourceQuality "1"]

1. c4 e5 2. g3 Nc6 3. Nc3 g6 4. Bg2 Bg7 5. e4 d6 {90 - 85} 6. Nge2 Bg4 {
Er baut immer die Batterie D+L auf der c8-h3-Diagonale auf. Manchmal mit Ld7,
manchmal mit Le6 oder auch mit dem Textzug.} (6... Be6 {ist der "normale" Zug.
Z.B.} 7. Nd5 Qd7 8. d3 Nce7 (8... Nd8 9. f4 $5 c6 10. Ne3 Ne7 11. d4 $5 {
mit scharfer Stellung}) 9. d4 c6 10. Ne3 Bh3 11. O-O Bxg2 12. Kxg2) 7. h3 Be6
8. Nd5 Nce7 9. O-O {Mit der Absicht 9...Dd7 10.Kh2.} ({Stockfish möchte} 9. d4
$14 {sehen.}) 9... c6 10. Ne3 Qb6 $6 {78 - 74. Interessant, aber
wahrscheinlich nicht gut.} (10... Qd7 11. Kh2 f5 12. d4 Nf6 {ist reichlich
unklar.}) 11. Kh2 $6 {Ein Semi-Wartezug (will er lang rochieren?), der
außerdem f2-f4 vorbereitet.} ({Sofortiges} 11. b3 {war stärker. Z.B.} f5 12.
d4 {wow! Stockfish!} exd4 13. Bb2 c5 14. Nf4 Bf7 15. exf5 $14 O-O-O (15... gxf5
$2 16. Ned5 Nxd5 17. Bxd5 $18) 16. Ned5 $16) 11... Rd8 12. b3 Nf6 $6 (12... d5
$142 $5 13. exd5 cxd5 {und die Engine findet jetzt sowohl 14.d3 als auch 14.
cxd5 und 14.Sc3 interessant und ausgeglichen.}) 13. Bb2 O-O 14. d4 Nh5 15. d5
Bc8 {44 - 30. Die Engine sieht hier klaren Vorteil für Weiß, aber ich
verspiele mit 2 schwachen Zügen ....} 16. dxc6 $6 (16. Nc3 $16 {Aber mir ist
nicht ganz klar, wo Weiß dann spielen soll. Langsame Expansion Damenflügel?}
f5 $2 17. exf5 Nxf5 18. Nxf5 Rxf5 19. Na4 {nimmt die Drohung ...Txf2 aus der
Stellung und gewinnt daher eine Figur} Qc7 20. g4 $18) 16... bxc6 17. Qc1 $6 (
17. Nc3 $14) 17... Qa6 $5 (17... f5 $142 $1 18. exf5 gxf5 19. f4 Ng6 $5 $13)
18. g4 $6 {Eine interessante Abwicklung, die aber objektiv wohl nur Ausgleich
ergibt. Ich hatte gehofft, durch den Abtausch der schwarzfeldrigen Läufer die
gelockerte Königsstellung auszunutzen und die Hebel c4-c5 oder auch e4-e5
anzubringen. Notfalls habe ich wegen des erzwungenen g6-g5 immer noch die
Notbremse Sd4-f5 ...} (18. Nc3 $14) 18... Nf4 19. Nxf4 exf4 20. Bxg7 Kxg7 21.
Nc2 g5 22. Nd4 Ng6 $11 23. c5 Ne5 $6 (23... dxc5 $1 {Durch dieses Bauernopfer
bekommt Schwarz genug Gegenspiel} 24. Qxc5 Qb6 25. Qxb6 axb6 26. Nxc6 Rd2 27.
Kg1 $11) 24. cxd6 f6 $6 ({und hier war dringend} 24... c5 {angesagt} 25. Qxc5
Qxd6 26. Qxd6 Rxd6 27. Nf3 Nxf3+ 28. Bxf3 Rfd8 29. Rfd1 Rxd1 30. Rxd1 Rxd1 31.
Bxd1 Kf6 $44 {Der aktive König sichert genügend Gegenspiel}) 25. Rd1 Kh8 $2 {
13 - 14} (25... Qb6 $14) 26. Nf3 $16 Rfe8 27. Qc3 Bd7 28. Rd2 Qc8 29. Nxe5 Rxe5
30. Qd4 h5 {5 - 2} 31. f3 {Typischer Zeitnotzug. Nicht schlecht, aber nicht
gut genug ...} (31. Qxa7 $1 $18 hxg4 32. hxg4 Bxg4 $2 33. Qf7) 31... hxg4 32.
hxg4 c5 33. Qc3 Kg7 34. Rad1 Rh8+ 35. Kg1 Qa6 {5 - 1} 36. Rd5 (36. Bf1 $18 Qb6
37. Kg2) 36... Rhe8 37. a4 $6 {Der Bauer war angegriffen, aber musste nicht
gedeckt werden.Deshalb war wieder Lf1 angesagt.} (37. Bf1 Qxa2 $4 38. Rxe5 Rxe5
39. Ra1) 37... Qb6 {Ein letzter Versuch} 38. Bf1 $4 {schon reingefallen!} c4+
39. Kg2 cxb3 40. Bb5 $2 {Der 40. Zug ....} (40. Qc7 {hält den weißen Vorteil
fest, z.B.} Qxc7 41. dxc7 Bc8 42. Rd8 b2 43. Rb1 $18) 40... Bxb5 $6 {und
Schwarz revanchiert sich.} (40... Rxd5 $1 $11 41. Rxd5 Rc8 $1 42. Qxb3 (42.
Rxg5+ Kf7 43. Qxb3+ Be6 44. Rg7+ Kxg7 45. Qxe6 $11) 42... Be6 43. Rxg5+ Kf7 44.
Rg7+ Kxg7 45. Qxe6 Rc2+ 46. Kh3 Qf2 47. Qe7+ {mit Dauerschach}) ({oder auch} 
40... Rc8 $11) 41. axb5 Rxd5 $2 {Der endgültige Verlustzug, diesmal im 41. Zug
} ({Nach} 41... Qe3 {sieht es immer noch nach Remis aus:} {Stockfish 9 64:  1)}
42. Qxe3 ({Stockfish 9 64: 2)} 42. Qc7+ R8e7 $1 43. dxe7 Qe2+ 44. Kg1 Qe3+ 45.
Kg2 {[%eval 0,34]}) ({Stockfish 9 64: 3)} 42. R5d3 Qe2+ 43. Kg1 Rh8 44. R3d2
Qe3+ 45. Qxe3 fxe3 46. Rd5 e2 47. Re1 b2 48. d7 Kf7 49. d8=Q Rxd8 50. Rxd8 Rxb5
51. Kf2 b1=Q 52. Rxb1 Rxb1 53. Kxe2 $11 Rb2+ 54. Kd1 Rb3 55. Rd7+ Ke6 56. Rxa7
Rxf3 57. Ke2 Rf4 58. Ra6+ Ke5 59. Ke3 Rxg4 60. Ra5+ Kd6 61. Ra6+ Ke7 62. Ra7+
Ke8 63. Ra8+ Kf7 64. Ra7+ Kg8 65. Ra8+ Kh7 {[%eval -8,33]}) ({Stockfish 9 64:
4)} 42. Qd3 Rxd5 43. exd5 Qe5 44. d7 Rd8 45. Kf1 b2 46. Re1 Qd6 47. Kg2 Rxd7
48. Rh1 Qxd5 49. Qh7+ Kf8 50. Qh8+ Ke7 51. Rh7+ Kd6 52. Qxf6+ Kc5 53. Rxd7 Qxd7
54. Qc3+ Kb6 55. Qxb2 Qe7 56. Qd4+ Qc5 57. Qa4 Qxb5 58. Qd4+ Qc5 59. Qf6+ Kb5
60. Qb2+ Ka4 61. Qa2+ Kb4 62. Qb2+ Kc4 63. Qc2+ Kd4 64. Qd1+ Ke5 65. Qd8 Qc2+
66. Kh3 Qh7+ 67. Kg2 Qh4 {[%eval -15,33]}) ({Stockfish 9 64: 5)} 42. Qd2 Rxd5
43. exd5 Qxd2+ 44. Rxd2 Kf7 45. d7 Rd8 46. Rb2 Rxd7 47. Rxb3 Rxd5 48. Ra3 Rxb5
49. Rxa7+ Ke6 50. Kf1 Rb3 51. Ke2 Re3+ 52. Kf2 Re5 53. Ra6+ Kf7 54. Ra7+ Re7
55. Ra6 Rb7 56. Ke2 Rd7 57. Kf2 Re7 58. Kg2 Rb7 59. Kf2 Ke7 60. Ra3 Rb2+ 61.
Kf1 Rb5 62. Ra6 {[%eval -52,33]}) 42... fxe3 43. Rxe5 fxe5 44. Kf1 Rd8 45. d7
Kf6 46. Ke2 Ke6 47. Rb1 Rxd7 48. Rxb3 Rb7 49. Ra3 Rxb5 50. Rxa7 Rb2+ 51. Kxe3
Rb3+ 52. Kf2 Kf6 53. Ra6+ Kf7 $14 {sieht so aus als gäbe es kein Weiterkommen.
} 54. Ra2 Kf6 55. Kg3 Ke6 56. Ra7 Kf6 57. Ra8 Kf7 58. Ra6 Rd3 59. Ra2 Rb3 60.
Ra8 Rd3 61. Kf2 Rb3 {[%eval 65,34]}) 42. Rxd5 {Das ist jetzt wieder klar
gewonnen, Stockfish zeigt schnell +7 an.} Qe3 43. Rxg5+ Kh7 (43... Kf7 44. Qc4+
Re6 45. Qc7+ Kf8 46. Qd8+ Re8 47. Qxf6#) 44. Qc7+ 1-0

[Event "28th WSCC Open 65 2018"]
[Site "Bled"]
[Date "2018.11.28"]
[Round "10"]
[White "Rashkovsky, Nukhim N"]
[Black "Buchal, Stephan"]
[Result "1-0"]
[WhiteElo "2482"]
[BlackElo "2288"]
[Annotator "Stephan Buchal"]
[PlyCount "57"]
[EventDate "2018.??.??"]
[EventCountry "SLO"]
[Tiebreak "Cut2 Buchholz+Sum of Buchholz"]
[SourceTitle "playchess.com"]
[Source "ChessBase"]
[SourceQuality "1"]
[TimeControl "40/5400+30:1800+30"]

1. d4 g6 2. Nf3 Bg7 3. g3 d6 4. Bg2 Nf6 5. O-O O-O {92 - 91} 6. a4 c6 ({
Vielleicht sollte man mal van Kampens Varianten prüfen? Er gibt folgendes an:
} 6... a5 7. Nc3 (7. b3 Nc6 8. Bb2 Ne4 9. Nbd2 f5 10. e3 e5 $13) 7... Nc6 8. d5
(8. Nb5 Nb4 9. c3 Na6 10. Re1 c6 11. Na3 d5 {Weiß hat ein nutzloses (?)
Mehrtempo gewonnen ....}) 8... Nb4 9. e4 e6 10. Bf4 (10. dxe6 Bxe6 11. Nd4 Bc4
12. Re1 Re8) 10... exd5 11. exd5 Bf5) 7. a5 Nbd7 8. c4 {Er wiederholt die
Variante von Radebeul 6 Monate zuvor. Ich hatte kaum damit gerechnet und
außerdem nichts Vernünftiges gefunden ...} Ne4 {Dies war eine Möglichkeit
laut Engine. Schwarz schafft etwas Platz durch Abtausch eines Springers. Aber
der weiße Raumvorteil bleibt unangenehm.} (8... e5 9. Nc3 Re8 10. d5 (10. e3
$5 {sieht unangenehmer aus!}) 10... cxd5 11. cxd5 b6 {1-0 (47) Rashkovsky,N 
(2483)-Buchal,S (2329) Dresden 2018. Das war unbefriedigend, wenn auch nicht
schlecht. Was ich jetzt spiele ist leider noch schlechter.}) 9. Ng5 Nxg5 10.
Bxg5 h6 {83 - 87} 11. Be3 Nf6 12. Nc3 Qc7 13. h3 Bd7 $6 (13... Be6 $142 $14)
14. Qd2 Kh7 15. b4 Rfe8 {76 - 68. Die schwarze Stellung ist bereits
grottenschlecht. Ich kann eigentlich nur abwarten, wie er seinen Raumvorteil
am Damenflügel nutzt (oder auch nicht). Er gibt mir - wie vor einem halben
Jahr - keine Chance mehr.} 16. Rfc1 Rac8 17. b5 cxb5 18. Nxb5 Bxb5 19. cxb5 Qd7
20. b6 (20. a6 $16) 20... axb6 {48 - 33} (20... a6 21. Ra2 Red8 22. Rac2 Ne8
23. d5) 21. axb6 d5 22. Qa5 e6 23. Bf4 Ng8 (23... Ne4 24. Bxe4 dxe4 25. e3 e5
26. Bxe5 Bxe5 27. dxe5 Re7 $16) 24. e3 Rxc1+ (24... Ne7 25. Qb4 Nc6 26. Qd6
Red8 27. Qxd7 Rxd7 28. Bf1 $18) 25. Rxc1 Rc8 {31 - 5} 26. Bc7 Bf8 27. Qa7 Bd6
28. Qxb7 Nf6 29. Bf1 1-0

[Event "28th WSCC Open 65 2018"]
[Site "Bled"]
[Date "2018.11.29"]
[Round "11"]
[White "Buchal, Stephan"]
[Black "Kiefer, Gerhard"]
[Result "1/2-1/2"]
[WhiteElo "2288"]
[BlackElo "2306"]
[Annotator "Stephan Buchal"]
[PlyCount "29"]
[EventDate "2018.??.??"]
[EventCountry "SLO"]
[Tiebreak "Cut2 Buchholz+Sum of Buchholz"]
[SourceTitle "playchess.com"]
[Source "ChessBase"]
[SourceQuality "1"]
[TimeControl "40/5400+30:1800+30"]

{In der letzten Runde eines langen Turniers waren wir beide nicht mehr sehr
kampfeslustig ...} 1. c4 e5 2. g3 Nf6 3. Bg2 d5 4. cxd5 Nxd5 5. Nc3 Nb6 6. Nf3
Nc6 7. O-O Be7 8. a3 O-O 9. b4 Be6 10. d3 (10. Rb1 {ist die Hauptvariante. Der
Vorteil besteht darin, dass der b-Bauer prophylaktisch gedeckt ist. Er wird
auf b5 etwas anfällig gegen ..Sd6 und ..Ta5. Siehe auch die spektakuläre
Partie Carlsen-Kramnik.} f6 11. d3 a5 12. b5 Nd4 13. Nd2 Qc8 14. e3 Nf5 15. Qc2
Rd8 16. Bb2 a4 17. Rfc1 Nd6 18. Nde4 Ne8 19. Qe2 Bf8 20. f4 exf4 21. gxf4 Qd7
22. d4 c6 23. Nc5 Bxc5 24. dxc5 Nc4 25. Rd1 Qc7 26. Bc1 Na5 27. bxc6 bxc6 28.
Nxa4 Rxd1+ 29. Qxd1 Rd8 30. Qc2 Qf7 31. Nc3 Qh5 32. Ne2 Bf5 33. e4 Bg4 34. Ng3
Qf7 35. Bf1 Be6 36. Qc3 Ra8 37. Rb4 Qd7 38. f5 Bf7 39. Bf4 Qd1 40. Kf2 Nb3 41.
Be2 Qb1 42. Bc4 Rxa3 43. Ne2 {1-0 (43) Carlsen,M (2801)-Kramnik,V (2772)
London 2009 CBM 134 [Carlsen,M]}) (10. b5 $6 Nd4 11. Nxe5 $2 Bb3 {geht gar
nicht}) 10... f6 11. Bb2 a5 12. b5 Nd4 13. Nd2 Qc8 (13... Nd5 $4 {ist ein
bekannter Fehler} 14. Bxd5 Bxd5 15. e3 $16 {mit Figurengewinn}) 14. e3 Nf5 15.
Qc2 (15. Qc2 a4 16. Rac1 Nd6 17. Nde4) 1/2-1/2